000
00295nam a2200097Ia 4500
008
220204s9999 xx 000 0 und d
082
_a
677.21:658.8
_b
SUM
245
0
_a
Summary report on the marketing of cotton in India 1961
260
_a
Bombay
_b
Indian central cotton committee
_c
1961
942
_c
BK
999
_c
27335
_d
27335